000 00206 a2200097 4500
001 45214
100 _aparkinson L.R
245 _aAerodynamics
260 _aNew York
_bMacmillan
_c
090 _c28403
_d28403
942 _aNUST-CAE
_cM
_c20451
999 _c280287
_d280287